The conspiracy club

Devastated and suspected by the police after the brutal murder of his girlfriend, psychologist Jeremy Carrier finds himself engaged in a game of cat and mouse when additional murders take place and clues begin appearing in his mail.

সংরক্ষণ করুন:
গ্রন্থ-পঞ্জীর বিবরন
প্রধান লেখক: Kellerman, Jonathan
বিন্যাস: গ্রন্থ
ভাষা:Undetermined
প্রকাশিত: New York Random House Audio 2003
বিষয়গুলি:
ট্যাগগুলো: ট্যাগ যুক্ত করুন
কোনো ট্যাগ নেই, প্রথমজন হিসাবে ট্যাগ করুন!
Thư viện lưu trữ: Trung tâm Học liệu Trường Đại học Cần Thơ
LEADER 00811nam a2200205Ia 4500
001 CTU_187779
008 210402s9999 xx 000 0 und d
082 |a 428.24 
082 |b K29/Cas.1 
100 |a Kellerman, Jonathan 
245 4 |a The conspiracy club 
245 0 |c Jonathan Kellerman, David Birney 
260 |a New York 
260 |b Random House Audio 
260 |c 2003 
520 |a Devastated and suspected by the police after the brutal murder of his girlfriend, psychologist Jeremy Carrier finds himself engaged in a game of cat and mouse when additional murders take place and clues begin appearing in his mail. 
650 |a English language,Ngôn ngữ Anh 
650 |x Study and teaching,Học và dạy 
904 |i Giang 
980 |a Trung tâm Học liệu Trường Đại học Cần Thơ